<?xml version="1.0" encoding="UTF-8"?>
<collection xmlns="http://www.loc.gov/MARC21/slim">
  <record>
    <leader>00000nam  2200000   4500</leader>
    <controlfield tag="001">INLIS000000000000480</controlfield>
    <controlfield tag="005">20180724135120</controlfield>
    <controlfield tag="008">180724|||||||||   |   |||   |||| ||   | </controlfield>
    <datafield tag="035" ind1=" " ind2=" ">
      <subfield code="0">010-0718000480</subfield>
    </datafield>
    <datafield tag="041" ind1=" " ind2=" ">
      <subfield code="a">id</subfield>
    </datafield>
    <datafield tag="082" ind1=" " ind2=" ">
      <subfield code="a">034</subfield>
    </datafield>
    <datafield tag="090" ind1=" " ind2=" ">
      <subfield code="a">R 034 PIM I 2013</subfield>
    </datafield>
    <datafield tag="100" ind1=" " ind2=" ">
      <subfield code="a">Rukmono, Bambang Sugeng</subfield>
    </datafield>
    <datafield tag="245" ind1=" " ind2=" ">
      <subfield code="a">Kebijakan Pembinaan Pegawai Kejaksaan Berbasis Database Kepegawaian Yang Terintegrasi Dengan Sistem On-Line</subfield>
    </datafield>
    <datafield tag="250" ind1=" " ind2=" ">
      <subfield code="a">ed.1</subfield>
    </datafield>
    <datafield tag="260" ind1=" " ind2=" ">
      <subfield code="a">Jakarta</subfield>
      <subfield code="b">Lembaga Administrasi Negara</subfield>
      <subfield code="c">2013</subfield>
    </datafield>
    <datafield tag="300" ind1=" " ind2=" ">
      <subfield code="a">47 hlm.; 30 cm</subfield>
    </datafield>
    <datafield tag="500" ind1=" " ind2=" ">
      <subfield code="a">Pengelolaan pegawai yang baik dalam lingkup kecil akan meningkatkan kinerja pegawai dan dalam lingkup yang lebih besar dan akan membawa perbaikan kinerja institusi secara keseluruhan. Mengingat pentingnya pengelolaan data pegawai tersebut, maka peningkatkan kualitas pengelolaan kepegawaian melalui implementasi Sistem Informasi Manajemen Kepegawaian yang efektif, efisien, akuntabel, dan reliable, merupakan salah satu prioritas dalam tahapan pengembangan Sumber Daya Manusia.</subfield>
    </datafield>
    <datafield tag="650" ind1=" " ind2=" ">
      <subfield code="a">Kebijakan Pembinaan Pegawai Kejaksaan -- Proyek Perubahan PIM1</subfield>
    </datafield>
  </record>
</collection>
